Dictionary of New Testament background / (Record no. 14869)
[ view plain ]
| 000 -LEADER | |
|---|---|
| fixed length control field | 00897nam a22002412 4500 |
| 001 - CONTROL NUMBER | |
| control field | 0000000849 |
| 005 - DATE AND TIME OF LATEST TRANSACTION | |
| control field | 20151217161129.0 |
| 008 - FIXED-LENGTH DATA ELEMENTS--GENERAL INFORMATION | |
| fixed length control field | 070221s xx 000 0 eng d |
| 020 ## - INTERNATIONAL STANDARD BOOK NUMBER | |
| International Standard Book Number | 0851119808 : |
| Terms of availability | KES 2,900 |
| 040 ## - CATALOGING SOURCE | |
| Original cataloging agency | KABU |
| Transcribing agency | KABU |
| 050 #0 - LIBRARY OF CONGRESS CALL NUMBER | |
| Classification number | BS2312 |
| Item number | .D53 2000 |
| 245 10 - TITLE STATEMENT | |
| Title | Dictionary of New Testament background / |
| Statement of responsibility, etc. | editors, Craig A. Evans, Stanley E. Porter; project manager, Ginny Evans. |
| 260 ## - PUBLICATION, DISTRIBUTION, ETC. (IMPRINT) | |
| Place of publication, distribution, etc. | Downers Grove, Ill. : |
| Name of publisher, distributor, etc. | Inter Varsity Press, |
| Date of publication, distribution, etc. | c2000. |
| 300 ## - PHYSICAL DESCRIPTION | |
| Extent | xxxiv, 1328 p. ; |
| Dimensions | 26 cm. |
| 504 ## - BIBLIOGRAPHY, ETC. NOTE | |
| Bibliography, etc | Includes bibliographical references and indexes. |
| 630 00 - SUBJECT ADDED ENTRY--UNIFORM TITLE | |
| Uniform title | Bible. N.T. |
| Form subdivision | Dictionaries. |
| -- | 0000149231 |
| 700 1# - ADDED ENTRY--PERSONAL NAME | |
| Personal name | Evans, Craig A. |
| -- | 0000149232 |
| 700 1# - ADDED ENTRY--PERSONAL NAME | |
| Personal name | Porter, Stanley E., |
| Dates associated with a name | 1956-. |
| -- | 0000149233 |
| 908 ## - PUT COMMAND PARAMETER (RLIN) | |
| Put command parameter | 070221 |
| 950 ## - LOCAL HOLDINGS (RLIN) | |
| -- | 1 |
| Withdrawn status | Lost status | Source of classification or shelving scheme | Not for loan | Home library | Current library | Date acquired | Total Checkouts | Full call number | Barcode | Date last seen | Price effective from | Koha item type | Copy number | Cost, normal purchase price |
|---|---|---|---|---|---|---|---|---|---|---|---|---|---|---|
| Library of Congress Classification | Not For Loan | Kabarak, Main Campus | Kabarak, Main Campus | 17/12/2015 | BS2312 .D53 2000 | 009663 | 17/12/2015 | 17/12/2015 | Reference | |||||
| Library of Congress Classification | Not For Loan | Kabarak, Main Campus | Kabarak, Main Campus | 17/12/2015 | BS2312 .D53 2000 | 003206 | 17/12/2015 | 17/12/2015 | Reference | |||||
| Library of Congress Classification | Not For Loan | Kabarak, Main Campus | Kabarak, Main Campus | 17/12/2015 | BS2312 .D53 2000 c. 3 | 028495 | 05/03/2020 | 17/12/2015 | Reference | c. 3 | 6132.00 | |||
| Library of Congress Classification | Not For Loan | Kabarak, Main Campus | Kabarak, Main Campus | 17/12/2015 | BS2312 .D53 2000 c. 4 | 028494 | 05/03/2020 | 17/12/2015 | Reference | c. 4 | 6132.00 | |||
| Library of Congress Classification | Not For Loan | Kabarak, Nakuru City Campus | Kabarak, Nakuru City Campus | 04/08/2018 | BS2312 .D53 2000 c. 1 | 025691 | 04/08/2018 | 04/08/2018 | Reference | c. 1 | ||||
| Library of Congress Classification | Not For Loan | Kabarak, Nakuru City Campus | Kabarak, Nakuru City Campus | 04/08/2018 | BS2312 .D53 2000 c. 2 | 028493 | 05/03/2020 | 04/08/2018 | Reference | c. 2 |